000 00260nam a2200097Ia 4500
008 120527s9999 xx 000 0 und d
100 _aWills, J. M. ed.
245 _aThe waltham book of clinical nutrition of the dog and cat.
260 _bPergamon
942 _cBK
999 _c15227
_d15227